000
00268nam a2200109Ia 4500
008
190216s9999||||xx |||||||||||||| ||und||
100
_a
Mukarjee&Amp; Singh S P
245
0
_a
Reaction Mechanism In Chemistry
260
_b
Macmillan
_c
1984
300
_a
553p
942
_c
BK
999
_c
2701
_d
2701